Novelizácia občianskeho súdneho poriadku
Vládny návrh zákona, ktorým sa dopĺňa Občiansky súdny poriadok, schválený Národnou radou Slovenskej republiky dňa 27.1.1994. Zmeny a doplnky Občianskeho súdneho poriadku.
Salvato in:
| Autore principale: | |
|---|---|
| Natura: | Capitolo di libro |
| Lingua: | slovacco |
| Soggetti: | |
| Tags: |
Nessun Tag, puoi essere il primo ad aggiungerne!!
|
MARC
| LEADER | 00000naa a2200000 4500 | ||
|---|---|---|---|
| 001 | r015968 | ||
| 005 | 20221213114852.9 | ||
| 041 | 0 | |a slo | |
| 044 | |a SK | ||
| 245 | 1 | 0 | |a Novelizácia občianskeho súdneho poriadku |c I. Hanzelová |
| 520 | |a Vládny návrh zákona, ktorým sa dopĺňa Občiansky súdny poriadok, schválený Národnou radou Slovenskej republiky dňa 27.1.1994. Zmeny a doplnky Občianskeho súdneho poriadku. | ||
| 610 | 2 | 0 | |a zákony |
| 610 | 2 | 0 | |a poriadok súdny občiansky |
| 610 | 2 | 0 | |a NR SR Bratislava |
| 100 | 1 | |a Hanzelová, I. | |